[Event "Druzynowe Mistrzostwa Polski - II liga"]
[Site "Sypniewo k. Jastrowia"]
[Date "1899-12-30"]
[Round "9.22"]
[White "Panas, Pawel"]
[Black "Robak, Zbigniew"]
[Result "1-0"]
[WhiteTitle "k"]
[BlackTitle "m"]
[WhiteElo "2158"]
[BlackElo "2217"]

1. Nf3 Nf6 2. d4 e6 3. e3 b6 4. Bd3 Bb7 5. O-O c5 6. c4 Be7 7. b3 O-O 8. Bb2 d6
9. Nc3 Nc6 10. Qe2 Qc7 11. Rac1 Rad8 12. Rfd1 Qb8 13. d5 Ne5 14. Nxe5 dxe5 15.
e4 g6 16. g3 a6 17. a4 Nh5 18. Rf1 Bg5 19. Rce1 Rfe8 20. Qg4 Bf6 21. Bc1 Bg7 22.
Qh4 Ba8 23. Bg5 f6 24. Bc1 f5 25. exf5 exf5 26. Bxf5 gxf5 27. Qxh5 e4 28. Ne2
b5 29. axb5 axb5 30. Be3 bxc4 31. bxc4 Qb4 32. Rc1 Rf8 33. Nf4 Rf7 34. Ne6 Rc8
35. Ng5 Bf8 1-0

[Event "Druzynowe Mistrzostwa Polski - II liga"]
[Site "Sypniewo k. Jastrowia"]
[Date "1899-12-30"]
[Round "9.23"]
[White "Kudelka, Janusz"]
[Black "Polkowski, Piotr"]
[Result "1/2-1/2"]
[WhiteTitle "I+"]
[BlackTitle "k"]
[WhiteElo "2061"]
[BlackElo "2153"]

1. d4 d5 2. Bf4 Nf6 3. Nc3 Bf5 4. e3 e6 5. f3 Nh5 6. Bd3 Nxf4 7. exf4 Bg6 8. Nge2
c6 9. h4 Bd6 10. h5 Bxd3 11. Qxd3 Qf6 12. g3 Nd7 13. Nd1 O-O-O 14. Ne3 Kb8 15.
O-O-O Rc8 16. Kb1 a6 17. c3 Ka7 18. Rde1 g6 19. Ng4 Qe7 20. Rh2 Nf6 21. hxg6 hxg6
22. Reh1 Rxh2 23. Rxh2 Nxg4 24. fxg4 Qf6 25. g5 Qg7 26. Qf3 Rh8 27. Qh1 Rxh2 28.
Qxh2 c5 29. Kc2 cxd4 30. cxd4 Qg8 31. Nc3 Qc8 32. Qh7 Qc7 33. Qg7 Bb4 34. a3 Bxc3
35. bxc3 Qe7 36. Kb3 Kb6 37. Qg8 Qd7 38. Qf8 Qb5+ 39. Kc2 Qe2+ 40. Kb3 Qc4+ 41.
Kc2 Qe2+ 1/2-1/2

[Event "Druzynowe Mistrzostwa Polski - II liga"]
[Site "Sypniewo k. Jastrowia"]
[Date "1899-12-30"]
[Round "9.24"]
[White "Fraczek, Weronika"]
[Black "Kindler, Karolina"]
[Result "1-0"]
[WhiteTitle "k++"]
[BlackTitle "I++"]
[WhiteElo "1830"]
[BlackElo "1805"]

1. e4 c5 2. Nf3 e6 3. d4 cxd4 4. Nxd4 Nf6 5. Nc3 d6 6. g4 h6 7. Rg1 Nc6 8. Be3
d5 9. Bb5 Bd7 10. exd5 Nxd5 11. Nxd5 exd5 12. Qe2 Be7 13. O-O-O a6 14. Bd3 Nb4
15. a3 Nxd3+ 16. Qxd3 Kf8 17. Nf5 Be6 18. Nxe7 Qxe7 19. f4 Bd7 20. Bd2 Qe4 21.
Qxd5 Bc6 22. Qxe4 Bxe4 23. Bb4+ Kg8 24. Rd4 Bc6 25. f5 Kh7 26. g5 Rhe8 27. Rh4
Re4 28. Rh5 Rf4 29. gxh6 g6 30. fxg6+ fxg6 31. Re5 Re8 32. Rxe8 Bxe8 33. Re1 Bf7
34. Bd2 Rf2 35. h4 Rxd2 36. Kxd2 Kxh6 37. Re5 Bc4 38. Ke3 Bf1 39. Kf4 Bg2 40.
Rg5 Bc6 41. Ke5 Bf3 42. Kf6 Be4 43. c4 Bd3 44. Rc5 Be4 45. b4 Bd3 46. b5 axb5
47. cxb5 Be4 48. a4 Bd3 49. a5 Be2 50. Rg5 Bd3 51. Ke7 Kg7 52. h5 Kh6 53. Rxg6+
Kxh5 54. Rb6 1-0

[Event "Druzynowe Mistrzostwa Polski - II liga"]
[Site "Sypniewo k. Jastrowia"]
[Date "1899-12-30"]
[Round "9.25"]
[White "Mickiewicz, Piotr"]
[Black "Rudolf, Michal"]
[Result "0-1"]
[WhiteTitle "m"]
[BlackTitle "FM"]
[WhiteElo "2308"]
[BlackElo "2356"]

1. c4 c6 2. Nf3 d5 3. e3 Nf6 4. Nc3 e6 5. b3 Nbd7 6. Bb2 Bd6 7. Qc2 O-O 8. Be2
a6 9. g4 b5 10. g5 Ne8 11. h4 bxc4 12. bxc4 e5 13. g6 fxg6 14. cxd5 cxd5 15. h5
Nc5 16. hxg6 Bf5 17. e4 Bxg6 18. Nxd5 Bxe4 19. Qc4 Kh8 20. Ba3 Nf6 21. Nxf6 Qxf6
22. Bxc5 Bxf3 23. Bxf3 Qxf3 24. Qh4 h6 25. Bxd6 Rf4 26. Qh5 Qxf2+ 27. Kd1 Rd4
28. Qe2 Qxe2+ 29. Kxe2 Rxd6 30. Rab1 Rc8 31. Rb2 Rc4 32. Rg1 Re4+ 33. Kf3 Red4
34. Ke3 Rd3+ 35. Ke2 R3d5 36. Rg3 a5 37. d3 Kh7 38. Rb7 Rg6 39. Rf3 h5 40. Ke3
Kh6 41. Re7 Rg4 42. Re8 g6 43. Rh8+ Kg5 44. Re8 Kh4 45. Re6 g5 46. Rg6 Rxd3+ 47.
Kxd3 e4+ 48. Ke3 exf3 49. Kxf3 Ra4 50. Rf6 0-1

[Event "Druzynowe Mistrzostwa Polski - II liga"]
[Site "Sypniewo k. Jastrowia"]
[Date "1899-12-30"]
[Round "9.26"]
[White "Markowski, Damian"]
[Black "Mazurkiewicz, Michal"]
[Result "1-0"]
[WhiteTitle "FM"]
[BlackTitle "CM"]
[WhiteElo "2202"]
[BlackElo "2193"]

1. d4 Nf6 2. Nf3 g6 3. Nc3 d5 4. Bf4 Bg7 5. e3 O-O 6. Be2 c6 7. Ne5 Qb6 8. a3 Nfd7
9. Nd3 Re8 10. O-O f6 11. Bg3 e5 12. Na4 Qd8 13. Qd2 Nb6 14. Nxb6 axb6 15. Rfe1
Bf5 16. Bf1 Nd7 17. c4 dxc4 18. Nb4 Be6 19. d5 cxd5 20. Nxd5 b5 21. Rad1 Nc5 22.
Qb4 Nd3 23. Bxd3 cxd3 24. e4 Ra4 25. Qxb5 Rd4 26. Rxd3 Rxd3 27. Qxd3 f5 28. f3
Qd7 29. Rd1 Rc8 30. Bf2 Kf7 31. Be3 Bf8 32. b4 b5 33. Qe2 Qb7 34. Qf2 Rd8 35.
Qh4 Rd6 36. Qxh7+ Bg7 37. Bh6 Kf8 38. Qxg6 Bxh6 39. Qxh6+ Qg7 40. Qxg7+ Kxg7 41.
Ne3 Ra6 42. exf5 Bb3 43. Rd7+ Kf6 44. h4 Rxa3 45. g4 e4 46. f4 Bf7 47. g5+ Kg7
48. Kf2 Ra2+ 49. Ke1 Kf8 50. g6 Bb3 51. f6 Ra8 52. Rh7 Ra1+ 53. Kd2 Ra2+ 54. Kc3
Bg8 55. Rb7 Ra7 1-0

[Event "Druzynowe Mistrzostwa Polski - II liga"]
[Site "Sypniewo k. Jastrowia"]
[Date "1899-12-30"]
[Round "9.27"]
[White "Maciaga, Marcin"]
[Black "Chalupnik, Marcin"]
[Result "1-0"]
[WhiteTitle "k+"]
[BlackTitle "k++"]
[WhiteElo "2116"]
[BlackElo "2174"]

1. g3 Nf6 2. c4 g6 3. Bg2 Bg7 4. Nc3 O-O 5. Nf3 d6 6. O-O e5 7. d4 Nc6 8. d5 Ne7
9. e4 Nd7 10. Be3 h6 11. Ne1 f5 12. Qd2 Kh7 13. Nd3 Nf6 14. f3 g5 15. Kh1 f4 16.
Bf2 Ng6 17. c5 h5 18. cxd6 cxd6 19. Rac1 g4 20. Nb5 fxg3 21. hxg3 h4 22. gxh4
Bh6 23. Rc7+ Nd7 24. Qc2 Nxh4 25. fxg4 Nxg2 26. Kxg2 Rg8 27. Rh1 Rxg4+ 28. Kf1
Rg6 29. Be3 Qf8+ 30. Nf2 a6 31. Na7 Qf3 32. Bxh6 Rxh6 33. Rxh6+ Kxh6 34. Nxc8
Nf6 35. Qe2 Qg3 36. Nxd6 1-0

[Event "Druzynowe Mistrzostwa Polski - II liga"]
[Site "Sypniewo k. Jastrowia"]
[Date "1899-12-30"]
[Round "9.28"]
[White "Warszawski, Bartosz"]
[Black "Krasiewicz, Robert"]
[Result "1/2-1/2"]
[WhiteTitle "m"]
[BlackTitle "k+"]
[WhiteElo "2169"]
[BlackElo "2050"]

1. e4 e6 2. d4 d5 3. Nc3 Nf6 4. Bg5 Bb4 5. e5 h6 6. Be3 Ne4 7. a3 Bxc3+ 8. bxc3
c5 9. Bd3 Qa5 10. Ne2 cxd4 11. Bxd4 Nc6 12. O-O b6 13. Bxe4 dxe4 14. Ng3 Nxd4
15. Qxd4 Bb7 16. Nxe4 Bxe4 17. Qxe4 O-O 1/2-1/2

[Event "Druzynowe Mistrzostwa Polski - II liga"]
[Site "Sypniewo k. Jastrowia"]
[Date "1899-12-30"]
[Round "9.29"]
[White "Bugajski, Robert"]
[Black "Kaim, Piotr"]
[Result "1/2-1/2"]
[WhiteTitle "FM"]
[BlackTitle "m"]
[WhiteElo "2047"]
[BlackElo "2166"]

1. c4 Nf6 2. Nf3 g6 3. g3 Bg7 4. Bg2 O-O 5. O-O d6 6. d4 Nbd7 7. Nc3 e5 8. e4 a6
9. Be3 exd4 10. Nxd4 Ne5 11. b3 c5 12. Nde2 b5 13. f4 Nfg4 14. Bd2 Nd3 15. e5
Bf5 16. h3 Nb2 17. Qc1 Nd3 18. Qd1 Nb2 19. Qc1 Nd3 1/2-1/2

[Event "Druzynowe Mistrzostwa Polski - II liga"]
[Site "Sypniewo k. Jastrowia"]
[Date "1899-12-30"]
[Round "9.30"]
[White "Bednarska-bzdega, Malgorzata"]
[Black "Andrzejewska, Anna"]
[Result "0-1"]
[WhiteTitle "WFM"]
[BlackTitle "WCM"]
[WhiteElo "1946"]
[BlackElo "1933"]

1. e4 e5 2. Bc4 Nf6 3. d3 c6 4. Nf3 d5 5. Bb3 Bd6 6. Nc3 d4 7. Ne2 O-O 8. O-O c5
9. c3 Nc6 10. Ne1 Re8 11. h3 Be6 12. f4 dxc3 13. Nxc3 exf4 14. Bxf4 Bxf4 15. Rxf4
Qd4+ 16. Kh1 Rad8 17. Qe2 Bxb3 18. axb3 Qb4 19. Qf2 Qxb3 20. Qxc5 Re5 21. Qf2
a6 22. Nf3 Re7 23. d4 Qb6 24. Rd1 Qc7 25. Nh4 Red7 26. Nf5 Ne8 27. Nd5 Qa5 28.
Qg3 g6 29. Nfe3 Nb4 30. Qe1 Nc6 31. b4 Qb5 32. Rf2 Ne7 33. Nf6+ Nxf6 34. Rxf6
Rxd4 35. Rxd4 Rxd4 36. Nc2 Rd7 37. e5 Qd5 38. Rf1 Nc6 39. e6 Qxe6 40. Qc3 Qd6
41. Re1 Re7 42. Rxe7 Qxe7 43. Qc4 Qe5 44. Qd3 Kg7 45. Qc4 h5 46. Qh4 Qf5 47. Qc4
Qe6 48. Qc3+ Qe5 49. Qc4 g5 50. Qb3 Kg6 51. Qd3+ Qf5 52. Qc4 Qf4 53. Qd3+ Qf5
54. Qc4 Ne5 55. Qe2 g4 56. Nd4 Qb1+ 57. Kh2 f6 58. Nc2 b5 59. Qe4+ Kg7 60. Qb7+
Kh6 61. Qe4 gxh3 62. gxh3 Qc1 63. Ne3 Qd2+ 64. Ng2 Qf2 65. Qe3+ Qxe3 66. Nxe3
Kg5 67. Nd5 Nc6 68. Kg3 h4+ 69. Kf3 Kf5 70. Ne3+ Ke5 71. Kg4 Nxb4 72. Kxh4 a5
73. Nd1 Nd5 74. Kg3 a4 75. Nb2 Kd4 0-1

[Event "Druzynowe Mistrzostwa Polski - II liga"]
[Site "Sypniewo k. Jastrowia"]
[Date "1899-12-30"]
[Round "9.31"]
[White "Steczek, Marcin"]
[Black "Nowak, Kamil"]
[Result "1/2-1/2"]
[WhiteTitle "FM"]
[BlackTitle "m"]
[WhiteElo "2364"]
[BlackElo "2318"]

1. c4 c6 2. Nf3 d5 3. b3 Nf6 4. Bb2 Bf5 5. g3 e6 6. Bg2 Nbd7 7. d3 h6 8. Nbd2 Be7
9. a3 O-O 10. O-O a5 11. Ra2 Re8 12. Qa1 Bf8 13. Bc3 Bh7 14. Ne5 Nxe5 15. Bxe5
Nd7 16. Bc3 b5 17. cxb5 cxb5 18. b4 axb4 19. axb4 1/2-1/2

[Event "Druzynowe Mistrzostwa Polski - II liga"]
[Site "Sypniewo k. Jastrowia"]
[Date "1899-12-30"]
[Round "9.32"]
[White "Daniel, Damian"]
[Black "Smagalski, Slawomir"]
[Result "1-0"]
[WhiteTitle "CM"]
[BlackTitle "I++"]
[WhiteElo "2165"]
[BlackElo "1939"]

1. d4 Nf6 2. Nf3 e6 3. g3 b6 4. Bg2 Bb7 5. O-O Be7 6. c4 O-O 7. Re1 Qc8 8. Nc3
Ne4 9. Nxe4 Bxe4 10. d5 exd5 11. cxd5 Qb7 12. Nh4 Bxg2 13. Nxg2 Bb4 14. Bd2 Bxd2
15. Qxd2 d6 16. Rac1 Nd7 17. Ne3 Rfe8 18. Rc4 b5 19. Rh4 Re5 20. Rc1 Rc8 21. Qc2
Nf8 22. a4 a6 23. Qc6 Qa7 24. Rc3 Ng6 25. Rb4 Re7 26. axb5 Rb8 27. Ra4 Rb6 28.
Rxa6 Rxc6 29. Rxa7 Rb6 30. Rcxc7 Rxc7 31. Rxc7 Rxb5 32. Rc8+ Nf8 33. Nf5 g6 34.
Nxd6 Rxd5 35. Nc4 Rb5 36. e3 Rb4 37. Kf1 Kg7 38. Ke2 Ne6 39. Kd2 Ng5 40. h4 Ne4+
41. Ke2 h5 42. Rc7 Kf6 43. b3 Rxb3 44. Kf3 Nc3 45. Nd6 Nb5 46. Ne4+ Kg7 47. Rd7
Ra3 48. Rb7 Nd4+ 49. Kg2 Nf5 50. Ng5 Nd6 51. Rd7 Ra6 52. e4 Kg8 53. e5 Nc4 54.
Nxf7 Kf8 55. Rc7 Nb2 56. Ng5 Nd3 57. e6 Ra2 58. Ne4 Ke8 59. Nf6+ Kd8 60. Rd7+
1-0

[Event "Druzynowe Mistrzostwa Polski - II liga"]
[Site "Sypniewo k. Jastrowia"]
[Date "1899-12-30"]
[Round "9.33"]
[White "Swiatnicki, Andrzej"]
[Black "Stankiewicz, Pawel"]
[Result "1-0"]
[WhiteTitle "k"]
[BlackTitle "k"]
[WhiteElo "1976"]
[BlackElo "2104"]

1. d4 e6 2. e4 d5 3. exd5 exd5 4. c4 Nf6 5. Nc3 Be7 6. h3 O-O 7. Nf3 c6 8. Bd3
dxc4 9. Bxc4 Nbd7 10. O-O Nb6 11. Bb3 Nbd5 12. Re1 Bf5 13. Ne5 Qd6 14. Qf3 Be6
15. Bg5 Nc7 16. Bf4 Qd8 17. Nc4 Ncd5 18. Bg3 a5 19. Ne3 Bb4 20. Nexd5 Nxd5 21.
a3 Nxc3 22. Bxe6 fxe6 23. Qg4 Bxa3 24. Qxe6+ Kh8 25. Rxa3 Nb5 26. Rd3 Nxd4 27.
Qg4 c5 28. Be5 Qe7 29. Re4 Qf7 30. Rg3 Rg8 31. Rf4 Qe7 32. Qh5 Qe8 33. Qxh7+ Kxh7
34. Rh4+ 1-0

[Event "Druzynowe Mistrzostwa Polski - II liga"]
[Site "Sypniewo k. Jastrowia"]
[Date "1899-12-30"]
[Round "9.34"]
[White "Borowski, Przemyslaw"]
[Black "Smagalski, Jaroslaw"]
[Result "1/2-1/2"]
[WhiteTitle "I"]
[BlackTitle "I"]
[WhiteElo "1863"]
[BlackElo "1850"]

1. d4 Nf6 2. Bg5 d5 3. Bxf6 exf6 4. e3 a6 5. Bd3 Nc6 6. c3 Be6 7. Nd2 Qd7 8. Ne2
Bf5 9. e4 dxe4 10. Nxe4 Bxe4 11. Bxe4 f5 12. Bd3 g6 13. Qc2 O-O-O 14. b4 f4 15.
b5 axb5 16. Bxb5 Qd5 17. Rb1 f3 18. gxf3 Qxf3 19. Rg1 Bh6 20. Qa4 Rhe8 21. Qa8+
Kd7 22. Qxb7 Rxe2+ 23. Bxe2 Qxc3+ 24. Kf1 Rb8 25. Qxb8 Nxb8 26. Rg3 Qa5 27. Rxb8
Qxa2 28. Rh8 Bf4 29. Rf3 Qb1+ 30. Kg2 g5 31. Bd3 Qb7 32. Rxh7 Qd5 33. h3 Ke8 34.
Bc2 f5 35. Bb3 Qe4 36. Rg7 Qxd4 37. Rf7 Qe4 38. Rf6 Kd7 39. Be6+ Ke7 40. Bxf5
Qxf3+ 41. Kxf3 Kxf6 42. Ke4 1/2-1/2

[Event "Druzynowe Mistrzostwa Polski - II liga"]
[Site "Sypniewo k. Jastrowia"]
[Date "1899-12-30"]
[Round "9.35"]
[White "Walaszczyk, Witold"]
[Black "Szmyd, Marek"]
[Result "1/2-1/2"]
[WhiteTitle "k"]
[BlackTitle "k"]
[WhiteElo "2019"]
[BlackElo "1897"]

1. d4 Nf6 2. Nf3 d5 3. g3 Bf5 4. Bg2 c6 5. O-O e6 6. c4 Ne4 7. Nh4 dxc4 8. Nxf5
exf5 9. a4 Be7 10. Na3 Bf6 11. e3 c5 12. Nxc4 O-O 13. Qb3 Qe7 14. f3 Nd6 15. Nxd6
Qxd6 16. dxc5 Qxc5 17. Qxb7 Nc6 18. f4 Na5 19. Qb5 Rac8 20. Ra3 Nc4 21. Rb3 Rfd8
22. Qxc5 Rxc5 23. Rb7 Na5 24. Rb4 Rc2 25. e4 Rdc8 26. Be3 Bxb2 27. exf5 h5 28.
Bxa7 Re8 29. Be4 Rd2 30. Rf2 Bc3 31. Rb8 Rxb8 32. Rxd2 Re8 33. Re2 Nc6 34. Bc5
Bd4+ 35. Bxd4 Nxd4 36. Re3 Nc2 37. Rc3 Rxe4 38. Rxc2 Rxa4 39. Rc6 h4 40. Kg2 hxg3
41. hxg3 f6 42. Kh3 Ra3 43. Kh4 Ra1 44. Rc3 Rh1+ 45. Kg4 Rf1 46. Kh3 Rf2 47. Rc4
Kh7 48. g4 Rf3+ 49. Kh4 Rf1 50. Kg3 Rg1+ 51. Kf3 Rf1+ 52. Kg2 Ra1 53. Rc3 Ra2+
54. Kg3 Ra5 55. Kh4 Ra4 56. Rh3 Kg8 57. Rf3 Ra5 58. Rb3 Ra4 59. Kg3 Ra5 60. Rf3
Kf7 61. Rc3 Kg8 62. Rc8+ Kf7 63. Kh4 Ra4 64. Kg3 Ra3+ 65. Kh4 Ra4 66. Kg3 1/2-1/2

[Event "Druzynowe Mistrzostwa Polski - II liga"]
[Site "Sypniewo k. Jastrowia"]
[Date "1899-12-30"]
[Round "9.36"]
[White "Czaplewska, Klara"]
[Black "Bukowska, Katarzyna"]
[Result "0-1"]
[WhiteTitle "k+"]
[BlackTitle "k++"]
[WhiteElo "1863"]
[BlackElo "1844"]

1. d4 d5 2. g3 Nf6 3. Bg2 e6 4. Nf3 Be7 5. O-O O-O 6. c4 b6 7. Nc3 Bb7 8. b3 Nbd7
9. Bb2 c5 10. e3 dxc4 11. bxc4 cxd4 12. exd4 Rc8 13. Qe2 Re8 14. Rac1 Bb4 15.
Rfd1 Qc7 16. Nb5 Qb8 17. Qd3 a6 18. Nc3 Qa8 19. Ne2 Red8 20. Qb3 Bf8 21. Nf4 Bd6
22. Ne5 Bxg2 23. Nxg2 Qb8 24. Re1 Bf8 25. f4 Qd6 26. Rcd1 Qb4 27. Ne3 Qxb3 28.
axb3 Bb4 29. Re2 Ne4 30. Nc2 Bc3 31. Bc1 Ndc5 32. Re3 a5 33. Nf3 f5 34. Rf1 Nxb3
35. Ba3 a4 36. Ng5 Nxd4 37. Nxe4 fxe4 0-1

[Event "Druzynowe Mistrzostwa Polski - II liga"]
[Site "Sypniewo k. Jastrowia"]
[Date "1899-12-30"]
[Round "9.37"]
[White "Stysiak, Szymon"]
[Black "Piesik, Piotr"]
[Result "0-1"]
[WhiteTitle "k"]
[BlackTitle "IM"]
[WhiteElo "2193"]
[BlackElo "2404"]

1. e4 c6 2. c4 e5 3. Ne2 Nf6 4. Ng3 Bc5 5. Be2 O-O 6. O-O d5 7. d3 dxe4 8. dxe4
Qc7 9. Nd2 a5 10. b3 a4 11. bxa4 Bd4 12. Rb1 Rd8 13. Qc2 Na6 14. Ba3 Bc5 15. Bxc5
Nxc5 16. Nb3 Qe7 17. a5 g6 18. Rfd1 Rxd1+ 19. Bxd1 h5 20. Bf3 Ne6 21. Qd2 Nd7
22. Qh6 h4 23. Nf1 Ndc5 24. Nfd2 h3 25. Bg4 hxg2 26. Nf3 Qf6 27. Nxc5 Nxc5 28.
Bxc8 Qxf3 29. Bxb7 Qxe4 30. Bxa8 Qxb1+ 31. Kxg2 Ne6 32. Qd2 Qe4+ 33. f3 Nf4+ 34.
Kg3 Qxc4 35. Qe1 Qa6 36. Bxc6 Qxc6 37. Qxe5 Nh5+ 38. Kf2 Qc2+ 39. Ke3 Qxa2 40.
Qb5 Qa3+ 41. Kd4 Qd6+ 42. Kc4 Nf4 43. a6 Ne6 44. Qb7 Qd4+ 45. Kb5 Qb2+ 46. Ka5
Qa3+ 47. Kb5 Qb3+ 48. Ka5 Qc3+ 49. Kb5 Nd4+ 50. Kb6 Qb4+ 51. Kc7 Qc5+ 52. Kd7
Qf5+ 53. Ke8 Nb5 54. Qd7 Qe5+ 55. Kd8 Qf6+ 56. Qe7 Qxa6 0-1

[Event "Druzynowe Mistrzostwa Polski - II liga"]
[Site "Sypniewo k. Jastrowia"]
[Date "1899-12-30"]
[Round "9.38"]
[White "Klepek, Witold"]
[Black "Stanisz, Patryk"]
[Result "1-0"]
[WhiteTitle "k++"]
[BlackTitle "k"]
[WhiteElo "2103"]
[BlackElo "2138"]

1. e4 c6 2. Nf3 d5 3. d3 dxe4 4. dxe4 Qxd1+ 5. Kxd1 Nf6 6. Nbd2 Nbd7 7. Ne1 Nc5
8. f3 g6 9. Nb3 Na4 10. c3 Bg7 11. Kc2 O-O 12. Be3 Nd7 13. Nd3 b6 14. Rd1 a5 15.
Be2 Bb7 16. Rd2 Rfc8 17. Nf2 Nf8 18. Rhd1 e6 19. Ng4 e5 20. Nh6+ Bxh6 21. Bxh6
Ne6 22. Be3 Ba6 23. Bxa6 Rxa6 24. Nc1 b5 25. Nd3 f6 26. b3 Nb6 27. Nc5 Nxc5 28.
Bxc5 a4 29. Rd8+ Rxd8 30. Rxd8+ Kg7 31. Rb8 axb3+ 32. axb3 Na8 33. Rb7+ Kh6 34.
Kb2 g5 35. Bf8+ Kg6 36. Rg7+ Kh5 37. g4+ 1-0

[Event "Druzynowe Mistrzostwa Polski - II liga"]
[Site "Sypniewo k. Jastrowia"]
[Date "1899-12-30"]
[Round "9.39"]
[White "Kaminski, Piotr"]
[Black "Gola, Karol"]
[Result "1/2-1/2"]
[WhiteTitle "k"]
[BlackTitle "k"]
[WhiteElo "2109"]
[BlackElo "2174"]

1. d4 d5 2. c4 e6 3. Nf3 Nf6 4. g3 c6 5. Bg2 Bd6 6. Qc2 O-O 7. O-O Nbd7 8. Rd1
Qe7 9. Nbd2 b6 10. e4 Nxe4 11. Nxe4 dxe4 12. Qxe4 Bb7 13. Ne5 Rac8 14. Be3 f5
15. Qf4 Rfd8 1/2-1/2

[Event "Druzynowe Mistrzostwa Polski - II liga"]
[Site "Sypniewo k. Jastrowia"]
[Date "1899-12-30"]
[Round "9.40"]
[White "Szolc, Grzegorz"]
[Black "Szmyd, Arkadiusz"]
[Result "1/2-1/2"]
[WhiteTitle "I++"]
[BlackTitle "k"]
[WhiteElo "2036"]
[BlackElo "2083"]

1. d4 d5 2. Bf4 e6 3. e3 Nf6 4. c3 Bd6 5. Bg3 c5 6. Nf3 Qb6 7. Qb3 Bxg3 8. hxg3
Nc6 9. Nbd2 c4 10. Qc2 Qa5 11. e4 h6 12. e5 Nd7 13. g4 b5 14. g5 b4 15. Bxc4 bxc3
16. bxc3 dxc4 17. Nxc4 Qc7 18. Nd6+ Ke7 19. Qd2 Ba6 20. gxh6 f6 21. Rd1 Na5 22.
Nh4 Rxh6 23. Nhf5+ exf5 24. Nxf5+ Kd8 25. Nxh6 gxh6 26. Rxh6 Qc4 27. Qd3 Qxd3
28. Rxd3 Bxd3 29. Rh8+ Kc7 30. Rxa8 Kb7 31. Rd8 Kc7 32. Ra8 Kb7 33. Rd8 Kc7 34.
Ra8 1/2-1/2

[Event "Druzynowe Mistrzostwa Polski - II liga"]
[Site "Sypniewo k. Jastrowia"]
[Date "1899-12-30"]
[Round "9.41"]
[White "Zawierucha, Aleksander"]
[Black "Kalmuk, Krzysztof"]
[Result "1/2-1/2"]
[WhiteTitle "k"]
[BlackTitle "I++"]
[WhiteElo "1900"]
[BlackElo "1983"]

1. d4 f5 2. c4 Nf6 3. Nf3 g6 4. Nc3 Bg7 5. g3 O-O 6. Bg2 d6 7. d5 a5 8. Nd4 Na6
9. O-O Nc5 10. b3 Re8 11. Bb2 e5 12. dxe6 Bxe6 13. Nxe6 Rxe6 14. Rb1 c6 15. Qc2
Qb6 16. Ba3 Nfd7 17. e3 Na6 18. Na4 Qc7 19. Qd2 b6 20. Rfd1 Nac5 21. Nc3 Rc8 22.
Ne2 Nb8 23. Nf4 Rf6 24. Bb2 Rd8 25. Bxf6 Bxf6 26. b4 axb4 27. Qxb4 Nbd7 28. Rd2
Be7 29. Nd3 Ne4 30. Bxe4 fxe4 31. Nf4 Ne5 32. Rc2 Qd7 33. Kg2 g5 34. Ne2 Rf8 35.
Ng1 Rf6 36. Qxb6 Rh6 37. Qb8+ Bf8 38. Qa8 Qf5 39. Rb8 Rf6 40. Qa5 h5 41. Re8 h4
42. Rxe5 dxe5 43. Rd2 hxg3 44. hxg3 Rf7 45. Qd8 Kh7 46. a4 Bb4 47. Rb2 Be1 48.
Nh3 Kg6 49. Rb8 Bxf2 50. Qg8+ Rg7 51. Qe8+ Rf7 52. Qg8+ Rg7 53. Qe8+ 1/2-1/2

[Event "Druzynowe Mistrzostwa Polski - II liga"]
[Site "Sypniewo k. Jastrowia"]
[Date "1899-12-30"]
[Round "9.42"]
[White "Wojcik, Jagoda"]
[Black "Gonsior, Monika"]
[Result "0-1"]
[WhiteTitle "I++"]
[BlackTitle "m"]
[WhiteElo "1612"]
[BlackElo "1971"]

1. e4 e6 2. d4 b6 3. Nf3 Bb7 4. Bd3 c5 5. c3 Qc7 6. O-O c4 7. Bc2 d6 8. Qe2 Nd7
9. b3 Ba6 10. bxc4 Bxc4 11. Bd3 Bxd3 12. Qxd3 Ne7 13. a4 Ng6 14. Na3 a6 15. Be3
Be7 16. Rfb1 O-O 17. Rb3 d5 18. Nd2 f5 19. f3 fxe4 20. fxe4 Nf6 21. c4 Ng4 22.
e5 N6xe5 23. dxe5 Qxe5 24. g3 Qxa1+ 25. Kg2 dxc4 26. Naxc4 Bc5 27. Bxc5 bxc5 28.
Qe4 h5 29. Rf3 Rxf3 30. Nxf3 Qh1+ 31. Kxh1 Nf2+ 32. Kg2 Nxe4 33. Nfe5 Rf8 34.
a5 g5 35. g4 h4 36. h3 Rf2+ 37. Kg1 Rc2 38. Ne3 Ra2 39. N3c4 Nf2 40. Nd7 Nxh3+
41. Kf1 Nf4 42. Kg1 h3 43. Kh1 Rg2 44. Ne3 Re2 45. Nc4 Ng6 46. Nb8 Nh4 47. Nxa6
Nf3 0-1

[Event "Druzynowe Mistrzostwa Polski - II liga"]
[Site "Sypniewo k. Jastrowia"]
[Date "1899-12-30"]
[Round "9.43"]
[White "Kozlowski, Michal"]
[Black "Szczepaniak, Lukasz"]
[Result "0-1"]
[WhiteTitle "I++"]
[BlackTitle "k++"]
[WhiteElo "2032"]
[BlackElo "2202"]

1. e4 e5 2. Nf3 Nc6 3. Bc4 Bc5 4. d3 Nf6 5. Nc3 a6 6. Be3 Bxe3 7. fxe3 d6 8. O-O
Na5 9. Bb3 Qe7 10. Qe1 Nxb3 11. axb3 Be6 12. d4 O-O-O 13. d5 Bg4 14. Qe2 Kd7 15.
b4 Ke8 16. b5 Bc8 17. bxa6 bxa6 18. h3 h5 19. Qf2 h4 20. Nxh4 Ng4 21. hxg4 Rxh4
22. g5 Rg4 23. Qf3 Rxg5 24. g3 Bg4 25. Qg2 Rh5 26. Rf2 Qg5 27. Rf3 Ke7 28. Qf2
Bxf3 29. Qxf3 Rh3 30. Kg2 Rdh8 31. Ne2 Rh2+ 32. Kf1 R8h6 33. Rxa6 Rh1+ 0-1

[Event "Druzynowe Mistrzostwa Polski - II liga"]
[Site "Sypniewo k. Jastrowia"]
[Date "1899-12-30"]
[Round "9.44"]
[White "Dzikowski, Michal"]
[Black "Kitewski, Bartosz"]
[Result "1/2-1/2"]
[WhiteTitle "k"]
[BlackTitle "I"]
[WhiteElo "2120"]
[BlackElo "1807"]

1. d4 Nf6 2. Nf3 b6 3. g3 Bb7 4. Bg2 e6 5. O-O Be7 6. c4 O-O 7. Nc3 Ne4 8. Qc2
Nxc3 9. Qxc3 f5 10. Rd1 Bf6 11. Qe3 Qe7 12. b3 d6 13. Bb2 Nd7 14. h4 Rae8 15.
Bh3 g6 16. Bg2 e5 1/2-1/2

[Event "Druzynowe Mistrzostwa Polski - II liga"]
[Site "Sypniewo k. Jastrowia"]
[Date "1899-12-30"]
[Round "9.46"]
[White "Suliborski, Jakub"]
[Black "Strepikowski, Pawel"]
[Result "1-0"]
[WhiteTitle "k"]
[BlackTitle "I"]
[WhiteElo "2159"]
[BlackElo "1773"]

1. d4 d6 2. Nf3 Nf6 3. c4 g6 4. Nc3 Bg7 5. e4 O-O 6. h3 e5 7. d5 c6 8. Bg5 h6 9.
Be3 c5 10. Be2 Nh7 11. g4 f5 12. gxf5 gxf5 13. exf5 Bxf5 14. Rg1 Kh8 15. Qd2 Qf6
16. O-O-O b5 17. Nxb5 Nd7 18. Nh2 Rab8 19. Ng4 Bxg4 20. Rxg4 e4 21. Rdg1 Rf7 22.
Rg6 Qe7 23. Nxd6 Rf6 24. Rxg7 Qxd6 25. Qc3 Ne5 26. Rxa7 Nd7 27. Bxh6 Qh2 28. Bg7+
Kg8 29. Qe1 Qf4+ 30. Kd1 1-0

[Event "Druzynowe Mistrzostwa Polski - II liga"]
[Site "Sypniewo k. Jastrowia"]
[Date "1899-12-30"]
[Round "9.47"]
[White "Taranowicz, Michal"]
[Black "Stelmaszuk, Maciej"]
[Result "1-0"]
[WhiteTitle "I+"]
[BlackTitle "I+"]
[WhiteElo "1855"]
[BlackElo "2004"]

1. e4 d5 2. exd5 Qxd5 3. Nc3 Qd8 4. d4 Nf6 5. Bg5 e6 6. Nf3 Be7 7. Bd3 Nbd7 8.
O-O O-O 9. Qe2 c5 10. Rfe1 Qa5 11. d5 Nb6 12. d6 Bd8 13. Ne5 Nbd7 14. f4 h6 15.
Bh4 Nd5 16. Nxd5 exd5 17. Be7 c4 18. Bf5 Nxe5 19. Bxf8 Bxf5 20. Qxe5 Bf6 21. Qxf5
Rxf8 22. d7 Qb6+ 23. Kh1 Qxb2 24. Rad1 d4 25. Re8 d3 26. Rde1 g6 27. Qc5 1-0

[Event "Druzynowe Mistrzostwa Polski - II liga"]
[Site "Sypniewo k. Jastrowia"]
[Date "1899-12-30"]
[Round "9.48"]
[White "Owczarek, Monika"]
[Black "Zarebska, Lena"]
[Result "0-1"]
[WhiteTitle "I"]
[BlackTitle "k"]
[WhiteElo "1514"]
[BlackElo "1910"]

1. c4 c5 2. Nc3 Nc6 3. g3 g6 4. Bg2 Bg7 5. Nf3 e5 6. d3 Nge7 7. O-O O-O 8. a3 d6
9. Rb1 a5 10. Nb5 h6 11. Bd2 d5 12. b4 cxb4 13. axb4 dxc4 14. dxc4 Bf5 15. Rc1
axb4 16. c5 Nc8 17. Re1 e4 18. Nh4 Ra5 19. Nxf5 gxf5 20. Nd6 Nxd6 21. cxd6 Qxd6
22. Bh3 Rd5 23. Bf4 Rxd1 24. Bxd6 Rxd6 25. Bxf5 Bc3 26. Red1 Rxd1+ 27. Rxd1 Re8
28. Rd7 Re5 29. Bg4 Rb5 30. Rd1 b3 31. Rb1 b2 32. Bc8 Ra5 0-1